000 00533nam a2200181 i 4500
001 81310
003 ES-MaACL
005 20250814063221.0
007 t|
008 041104s1932 sp ||||1| spa d
100 1 _aHuerta, Luis,
_d1889-1975
_9148613
245 1 3 _aLa Colonia Escolar Reus
_b: 1931 /
_cLuis Huerta Naves.
260 _aReus :
_b[s.n.,
_c1932] (
_fDiana)
300 _a11 p., 2 lám. ;
_c24 cm.
650 4 _aColonias escolares-
_zEspaña.
_9148577
852 _aES-MaACL
_j1825-F-7
999 _c81310
_d81310